[Event "Pan-American Junior Championship"]
[Site "?"]
[Date "2009.10.10"]
[EventDate "2009.10.06"]
[Round "7"]
[Result "0-1"]
[White "Leonardo Tristan"]
[Black "Ray Robson"]
[WhiteElo "2412"]
[BlackElo "2527"]
[PlyCount "76"]

1. d4 d5 2. Bg5 f6 3. Bf4 Nc6 4. Nf3 Bf5 5. e3 e6 6. Be2 g5
7. Bg3 h5 8. h3 Nh6 9. c4 Nb4 10. Na3 Bg6 11. Nd2 Nf5 12. Bh2
c6 13. Nb3 a5 14. Nc1 Kf7 15. Nd3 Nh4 16. O-O Bd6 17. Bxd6
Qxd6 18. Nxb4 axb4 19. Nc2 g4 20. c5 Qc7 21. Bd3 Bxd3 22. Qxd3
Rag8 23. Kh1 gxh3 24. g3 Nf5 25. e4 dxe4 26. Qxe4 Rxg3
27. Rae1 Rg2 28. Qxe6+ Kg7 29. Re5 fxe5 30. Qxf5 exd4 31. Qxh3
Rg4 32. f3 Qd8 33. Rg1 Qg5 34. Rg3 Rxg3 35. Qd7+ Kh6 36. Qd6+
Qg6 37. Qf4+ Rg5 38. Nxd4 Qb1+ 0-1

[Event "Pan-American Junior Championship"]
[Site "?"]
[Date "2009.10.11"]
[EventDate "2009.10.06"]
[Round "8"]
[Result "1/2-1/2"]
[White "Ray Robson"]
[Black "Andres Felipe Gallego Alcaraz"]
[WhiteElo "2527"]
[BlackElo "2404"]
[PlyCount "50"]

1. e4 c5 2. Nf3 Nc6 3. d4 cxd4 4. Nxd4 Nf6 5. Nc3 e5 6. Ndb5
d6 7. Bg5 a6 8. Na3 b5 9. Nd5 Be7 10. Bxf6 Bxf6 11. c3 O-O
12. Nc2 Bg5 13. a4 bxa4 14. Rxa4 a5 15. Bc4 Rb8 16. Ra2 Kh8
17. Nce3 g6 18. h4 Bxh4 19. g3 Bg5 20. f4 exf4 21. gxf4 Bh4+
22. Kf1 f5 23. b4 Bf6 24. b5 Ne5 25. Nxf6 $11 1/2-1/2

[Event "Pan-American Junior Championship"]
[Site "Montevideo"]
[Date "2009.10.12"]
[EventDate "2009.10.??"]
[Round "9"]
[Result "1/2-1/2"]
[White "Bryan Macias Murillo"]
[Black "Ray Robson"]
[WhiteElo "2363"]
[BlackElo "2527"]
[PlyCount "71"]

1. d4 d5 2. c4 e6 3. Nf3 Nf6 4. e3 a6 5. Nbd2 c5 6. cxd5 exd5
7. dxc5 Bxc5 8. Be2 Nc6 9. O-O O-O 10. a3 Bg4 11. b4 Ba7
12. Bb2 Re8 13. Nb3 Ne4 14. Nbd4 Qf6 15. Rb1 Nxd4 16. Nxd4
Bxd4 17. Bxd4 Bxe2 18. Qxe2 Qg6 19. Rbc1 Rac8 20. Rfd1 Nd6
21. Bc5 Ne4 22. Bd4 Nd6 23. Qf3 Qe6 24. h3 Nc4 25. Qg3 f6
26. a4 Nd6 27. Qf4 Ne4 28. Qg4 Qxg4 29. hxg4 Kf7 30. f3 Ng5
31. Rc5 Red8 32. Rdc1 Rxc5 33. bxc5 Ne6 34. Rb1 Rd7 35. Rb6
Rc7 36. Kf2 1/2-1/2

[Event "48th World Junior Championship"]
[Site "Puerto Madryn ARG"]
[Date "2009.10.22"]
[EventDate "2009.10.22"]
[Round "1"]
[Result "1-0"]
[White "Ray Robson"]
[Black "Ioannis Stavrianakis"]
[WhiteElo "2527"]
[BlackElo "2273"]
[PlyCount "75"]

1. e4 c5 2. Nf3 d6 3. d4 cxd4 4. Nxd4 Nf6 5. Nc3 a6 6. Be3 e5
7. Nb3 Be6 8. Qd2 Nbd7 9. O-O-O Be7 10. f4 b5 11. Kb1 Qc7
12. h3 Nb6 13. f5 Bc4 14. g4 Nfd7 15. a3 Rc8 16. Qf2 Na4
17. Nd5 Bxd5 18. exd5 Ndb6 19. Bc1 Nc5 20. Nxc5 dxc5 21. f6
Bxf6 22. d6 Qd7 23. g5 Bd8 24. h4 O-O 25. Bh3 Qc6 26. h5 Rb8
27. g6 Nc4 28. h6 hxg6 29. hxg7 Kxg7 30. Bh6+ Kg8 31. Bxf8
Kxf8 32. Rhf1 f6 33. Bg2 Qd7 34. Qg3 Qg7 35. Be4 f5 36. Bxf5
gxf5 37. Rxf5+ Kg8 38. Rg1 1-0

[Event "48th World Junior Championship"]
[Site "Puerto Madryn ARG"]
[Date "2009.10.23"]
[EventDate "2009.10.22"]
[Round "3"]
[Result "1/2-1/2"]
[White "Ray Robson"]
[Black "Dariusz Swiercz"]
[WhiteElo "2527"]
[BlackElo "2492"]
[PlyCount "75"]

1. e4 c5 2. Nf3 d6 3. d4 cxd4 4. Nxd4 Nf6 5. Nc3 a6 6. Be3 e5
7. Nb3 Be7 8. Qd2 Be6 9. O-O-O Nbd7 10. f4 b5 11. Kb1 Qc7
12. h3 O-O 13. g4 b4 14. Nd5 Bxd5 15. exd5 Rfb8 16. fxe5 Nxe5
17. g5 Nfd7 18. h4 a5 19. h5 Nf3 20. Qg2 a4 21. Nc1 Nfe5
22. g6 Bf6 23. gxh7+ Kh8 24. Bd4 b3 25. cxb3 axb3 26. Nxb3 Qb7
27. Rh3 Qb4 28. Be2 Qa4 29. Nc1 Nc4 30. Bxf6 Nxf6 31. b3 Na3+
32. Kb2 Qf4 33. Qg3 Qe4 34. Qd3 Qe5+ 35. Qc3 Qf5 36. Qd3 Qe5+
37. Qd4 Qf5 38. Qd3 1/2-1/2

[Event "48th World Junior Championship"]
[Site "Puerto Madryn ARG"]
[Date "2009.10.25"]
[EventDate "2009.10.22"]
[Round "5"]
[Result "1/2-1/2"]
[White "Pandian Karthikeyan"]
[Black "Ray Robson"]
[WhiteElo "2449"]
[BlackElo "2527"]
[PlyCount "74"]

1. d4 d5 2. c4 e6 3. Nf3 Nf6 4. g3 dxc4 5. Bg2 b5 6. a4 c6
7. Bg5 Qb6 8. Bxf6 gxf6 9. O-O Bb7 10. Nbd2 Nd7 11. Qc2 a6
12. b3 cxb3 13. Nxb3 Rc8 14. Nfd2 c5 15. Bxb7 Qxb7 16. axb5
axb5 17. dxc5 Bxc5 18. Ne4 Be7 19. Ra7 Qb8 20. Qa2 f5 21. Rd1
Ne5 22. Qa6 Rc6 23. Rb7 O-O 24. Qxb5 Qc8 25. Rxe7 Ng6 26. Nf6+
Kg7 27. Nxh7 Kxh7 28. Rb7 Rc3 29. Rdd7 Kg8 30. Qb6 Qc4 31. Qd4
Qc6 32. Qf6 Nh8 33. Qg5+ Kh7 34. Re7 Qd5 35. Qd2 Qxd2 36. Nxd2
Rc2 37. Red7 Ra8 1/2-1/2

[Event "48th World Junior Championship"]
[Site "Puerto Madryn ARG"]
[Date "2009.10.26"]
[EventDate "2009.10.22"]
[Round "6"]
[Result "1/2-1/2"]
[White "Jacques Blit"]
[Black "Ray Robson"]
[WhiteElo "2350"]
[BlackElo "2527"]
[PlyCount "89"]

1. d4 d5 2. Nf3 Nf6 3. Bg5 Ne4 4. Bf4 c5 5. e3 Qb6 6. Qc1 Nc6
7. c3 Bg4 8. Ne5 Nxe5 9. Bxe5 f6 10. Bf4 cxd4 11. exd4 e5
12. Be3 exd4 13. Bxd4 Bc5 14. f3 Bxd4 15. cxd4 Rc8 16. Nc3
Nxc3 17. bxc3 Bf5 18. Qd2 O-O 19. Kf2 Rc6 20. g4 Bg6 21. h4
Rfc8 22. Rc1 Qc7 23. h5 Bf7 24. Bd3 Rxc3 25. Rce1 Qb6 26. Re3
Kh8 27. h6 g6 28. Bb1 Rxe3 29. Qxe3 Qb2+ 30. Kg3 Qc3 31. Qxc3
Rxc3 32. Re1 Rc7 33. g5 fxg5 34. Kg4 Kg8 35. Kxg5 Kf8 36. f4
Rc6 37. f5 gxf5 38. Bxf5 Bg6 39. Re5 Bxf5 40. Rxf5+ Ke7
41. Rxd5 Rg6+ 42. Kh5 Rg2 43. a4 Rh2+ 44. Kg5 Rg2+ 45. Kf4
1/2-1/2

[Event "48th World Junior Championship"]
[Site "Puerto Madryn ARG"]
[Date "2009.10.27"]
[EventDate "2009.10.22"]
[Round "7"]
[Result "1-0"]
[White "Ray Robson"]
[Black "Pavel Potapov"]
[WhiteElo "2527"]
[BlackElo "2429"]
[PlyCount "67"]

1. e4 c5 2. Nf3 Nc6 3. Nc3 e5 4. Bc4 Be7 5. d3 d6 6. O-O Nf6
7. Ng5 O-O 8. f4 Bg4 9. Qe1 exf4 10. Bxf4 Nd4 11. Qd2 Qd7
12. Be3 h6 13. Nf3 Nxf3+ 14. gxf3 Bh3 15. Rf2 Kh7 16. f4 Be6
17. Bb5 Qc8 18. f5 Bd7 19. Bc4 Bc6 20. Rf3 Qd8 21. Rh3 Ng4
22. Bf4 Bf6 23. Qe2 Bd4+ 24. Kf1 Nf6 25. Qd2 Ng8 26. Nd5 Bxb2
27. Rb1 Be5 28. Bg5 Qd7 29. Ke2 b5 30. Rg1 Bxd5 31. Bxd5 Rac8
32. Rh4 f6 33. Bxh6 Nxh6 34. Rg6 1-0

[Event "48th World Junior Championship"]
[Site "Puerto Madryn ARG"]
[Date "2009.10.29"]
[EventDate "2009.10.22"]
[Round "8"]
[Result "0-1"]
[White "Yangyi Yu"]
[Black "Ray Robson"]
[WhiteElo "2509"]
[BlackElo "2527"]
[PlyCount "96"]

1. e4 e6 2. d4 d5 3. Nc3 Bb4 4. e5 c5 5. Bd2 cxd4 6. Nb5 Bc5
7. Qg4 g6 8. b4 Bf8 9. Nxd4 Bg7 10. Ngf3 Nd7 11. Qg3 a6
12. Bd3 Qc7 13. O-O Nxe5 14. Kh1 f6 15. Bf4 Ne7 16. Rae1 Qb6
17. Rxe5 fxe5 18. Bxe5 Bxe5 19. Qxe5 O-O 20. h4 Nc6 21. Nxc6
bxc6 22. a3 Ra7 23. Qg3 Rg7 24. Ne5 c5 25. Qe3 d4 26. Qd2 cxb4
27. axb4 Qd8 28. Qh6 Qd6 29. f4 Qxb4 30. Rf3 Bb7 31. Rg3 Qd2
32. Bxg6 Kh8 33. Rg4 Bxg2+ 34. Rxg2 Qxf4 35. Qxf4 Rxf4 36. Bd3
Rxh4+ 37. Kg1 a5 38. Bc4 a4 39. Nf3 Rhg4 40. Rxg4 Rxg4+
41. Kf2 Re4 42. Ba2 e5 43. Ne1 Re3 44. Nd3 a3 45. Nb4 Rc3
46. Ke2 h5 47. Kd2 h4 48. Bd5 h3 0-1

[Event "48th World Junior Championship"]
[Site "Puerto Madryn ARG"]
[Date "2009.10.30"]
[EventDate "2009.10.22"]
[Round "9"]
[Result "1/2-1/2"]
[White "Ray Robson"]
[Black "Dmitry Andreikin"]
[WhiteElo "2527"]
[BlackElo "2659"]
[PlyCount "61"]

1. e4 c6 2. d4 d5 3. Nc3 dxe4 4. Nxe4 Bf5 5. Ng3 Bg6 6. h4 h6
7. Nf3 Nd7 8. h5 Bh7 9. Bd3 Bxd3 10. Qxd3 Ngf6 11. Bd2 e6
12. O-O-O Be7 13. Qe2 Qc7 14. Ne5 Nxe5 15. dxe5 Nd7 16. f4
O-O-O 17. Be3 Nc5 18. Bxc5 Bxc5 19. Ne4 Be7 20. Kb1 Rxd1+
21. Rxd1 Rd8 22. c3 Rd5 23. c4 Rxd1+ 24. Qxd1 Qb6 25. Qe2 a5
26. Kc2 Bc5 27. Qg4 Qb4 28. b3 Qa3 29. Nxc5 Qxc5 30. Qxg7 Qf2+
31. Kd3 1/2-1/2

[Event "48th World Junior Championship"]
[Site "Puerto Madryn ARG"]
[Date "2009.10.31"]
[EventDate "2009.10.22"]
[Round "10"]
[Result "0-1"]
[White "David Howell"]
[Black "Ray Robson"]
[WhiteElo "2624"]
[BlackElo "2527"]
[PlyCount "82"]

1. e4 e6 2. d4 d5 3. Nd2 Nf6 4. e5 Nfd7 5. f4 c5 6. c3 Nc6
7. Ndf3 Qb6 8. a3 Be7 9. b4 cxd4 10. cxd4 a6 11. h4 Qc7
12. Bd2 b5 13. Ne2 Nb6 14. Nc1 Nc4 15. Nd3 a5 16. Nc5 O-O
17. Bd3 h6 18. Bc3 f6 19. Ke2 Rb8 20. Bc2 f5 21. Qc1 Bxc5
22. bxc5 b4 23. axb4 axb4 24. Bb2 b3 25. Bd3 Nb4 26. Nd2 Qc6
27. Rh3 Nxd3 28. Rxd3 Ba6 29. Rxa6 Qxa6 30. Nxc4 dxc4 31. Rc3
Rb4 32. Kf2 Ra4 33. c6 Rc8 34. d5 exd5 35. Qd2 Qxc6 36. e6 Ra2
37. Rg3 Qc5+ 38. Kf3 c3 39. Qe1 cxb2 40. Rxg7+ Kxg7 41. Qe5+
Kg8 0-1

[Event "48th World Junior Championship"]
[Site "Puerto Madryn ARG"]
[Date "2009.11.01"]
[EventDate "2009.10.22"]
[Round "11"]
[Result "0-1"]
[White "Ray Robson"]
[Black "Ivan Popov"]
[WhiteElo "2527"]
[BlackElo "2582"]
[PlyCount "88"]

1. e4 c5 2. Nf3 Nc6 3. d4 cxd4 4. Nxd4 Nf6 5. Nc3 d6 6. Bg5 e6
7. Qd2 a6 8. O-O-O h6 9. Nxc6 bxc6 10. Bf4 d5 11. Qe3 Be7
12. Be2 O-O 13. h4 Re8 14. Qg3 Kf8 15. Bc7 Qd7 16. Rh3 a5
17. Bf4 Ba6 18. e5 Ng8 19. Bh5 Reb8 20. Qg4 Rb4 21. Rf3 f5
22. exf6 Nxf6 23. Qg6 Nxh5 24. Bxh6+ Bf6 25. Qxh5 Qf7
26. Qxf7+ Kxf7 27. Bg5 Rg4 28. Rg3 Bxg5+ 29. hxg5 Rxg3
30. fxg3 Rh8 31. Na4 Rh5 32. Nc5 Bc8 33. a4 Ke7 34. c3 Rxg5
35. Rd3 Rg4 36. b3 Kd6 37. Rd4 Rxd4 38. cxd4 e5 39. Nd3 exd4
40. Nf4 c5 41. Kb2 c4 42. Kc2 Bf5+ 43. Kb2 c3+ 44. Kc1 d3 0-1

[Event "48th World Junior Championship"]
[Site "Puerto Madryn ARG"]
[Date "2009.11.02"]
[EventDate "2009.10.22"]
[Round "12"]
[Result "1-0"]
[White "Michal Olszewski"]
[Black "Ray Robson"]
[WhiteElo "2544"]
[BlackElo "2527"]
[PlyCount "95"]

1. d4 d5 2. c4 e6 3. Nf3 Nf6 4. Nc3 c6 5. g3 dxc4 6. Bg2 Nbd7
7. O-O b5 8. e4 Qb6 9. b3 cxb3 10. axb3 Bb7 11. Be3 c5 12. d5
b4 13. Na4 Qc7 14. Rc1 Nxe4 15. dxe6 fxe6 16. Qe2 Be7 17. Bf4
Qc8 18. Ne5 Ndf6 19. Bxe4 Nxe4 20. Qh5+ g6 21. Nxg6 Nf6
22. Nxe7+ Nxh5 23. Nxc8 Rxc8 24. Be5 O-O 25. Nxc5 Bd5 26. f4
Rc6 27. Nd3 a5 28. Rxc6 Bxc6 29. Ra1 Rd8 30. Nf2 Rd2 31. Rxa5
Bd5 32. Rb5 Rc2 33. Ng4 Bf3 34. Nh6+ Kf8 35. g4 Rg2+ 36. Kf1
Rxh2 37. gxh5 Rxh5 38. Rb8+ Ke7 39. Ng8+ Kf7 40. Nf6 Rh2
41. Rxb4 h5 42. Rd4 Rc2 43. Rd7+ Kg6 44. Nh7 h4 45. Rg7+ Kh6
46. Nf8 Be4 47. Rg5 Bd3+ 48. Kg1 1-0

[Event "Philadelphia Open"]
[Site "Philadelphia United States"]
[Date "2010.04.01"]
[EventDate "2010.03.31"]
[Round "2"]
[Result "0-1"]
[White "Alexander Solomon Barnett"]
[Black "Ray Robson"]
[WhiteElo "2265"]
[BlackElo "2559"]
[PlyCount "94"]

1. e4 c5 2. Nf3 d6 3. d4 cxd4 4. Nxd4 Nf6 5. Nc3 e6 6. Be2 Be7
7. Be3 Nc6 8. Nb3 a6 9. f4 b5 10. Bf3 Bb7 11. Qe2 Qc7 12. O-O
O-O 13. g4 Rfe8 14. g5 Nd7 15. Qf2 g6 16. Ne2 Rac8 17. c3 Bf8
18. Ng3 Bg7 19. a3 a5 20. Nd4 Nxd4 21. cxd4 Nb6 22. Rac1 Qd7
23. b3 d5 24. e5 Bf8 25. Rxc8 Rxc8 26. Bd2 a4 27. Ba5 Qc6
28. Qb2 axb3 29. Qxb3 Ra8 30. Bb4 Qc4 31. Qe3 Bxb4 32. axb4
Qxb4 33. f5 exf5 34. e6 Nc4 35. exf7+ Kxf7 36. Qf4 Qd6 37. Qh4
Kg8 38. Re1 b4 39. Ne2 b3 40. Nc3 b2 41. Kf2 Qb4 42. Kg2 Qd6
43. Qf2 Qf4 44. Nxd5 Qxg5+ 45. Kh3 Ra3 46. Qg3 Qxg3+ 47. hxg3
Kf8 0-1

[Event "Philadelphia Open"]
[Site "Philadelphia United States"]
[Date "2010.04.01"]
[EventDate "2010.03.31"]
[Round "3"]
[Result "1-0"]
[White "Ray Robson"]
[Black "Shinsaku Uesugi"]
[WhiteElo "2559"]
[BlackElo "2323"]
[PlyCount "107"]

1. e4 c5 2. Nf3 Nc6 3. d4 cxd4 4. Nxd4 Nf6 5. Nc3 e5 6. Ndb5
d6 7. Bg5 a6 8. Na3 b5 9. Bxf6 gxf6 10. Nd5 f5 11. Bxb5 axb5
12. Nxb5 Ra4 13. Nbc7+ Kd7 14. O-O Rxe4 15. Qh5 Ne7 16. Qxf7
Kc6 17. Rfd1 Nxd5 18. Nxd5 Qd7 19. Qh5 Bg7 20. a4 Rd4 21. Rxd4
exd4 22. Qf3 Qe6 23. Nb4+ Kd7 24. Qc6+ Ke7 25. Nd3 Bd7 26. Qb7
Kf6 27. Re1 Qf7 28. Qc7 Bf8 29. Qd8+ Kg7 30. a5 h6 31. a6 Bb5
32. Nb4 d5 33. Qa5 Bxb4 34. Qxb4 Re8 35. Ra1 Bc6 36. Qxd4+ Qf6
37. Qb6 Ba8 38. Qc7+ Qe7 39. Qc3+ Qe5 40. Qxe5+ Rxe5 41. Kf1
Re6 42. c3 Kf6 43. f3 f4 44. a7 Rb6 45. Ra2 Ke5 46. b4 d4
47. Re2+ Kf6 48. Re8 Bd5 49. Rd8 dxc3 50. Rxd5 Ra6 51. Rd6+
Rxd6 52. a8=Q c2 53. Qa1+ Kg6 54. Ke2 1-0

[Event "Philadelphia Open"]
[Site "Philadelphia United States"]
[Date "2010.04.02"]
[EventDate "2010.03.31"]
[Round "4"]
[Result "1/2-1/2"]
[White "Alec S Getz"]
[Black "Ray Robson"]
[WhiteElo "2239"]
[BlackElo "2559"]
[PlyCount "46"]

1. e4 c5 2. Nf3 d6 3. d4 cxd4 4. Nxd4 Nf6 5. Nc3 e6 6. Be2 Be7
7. O-O O-O 8. f4 Nc6 9. Be3 e5 10. Nxc6 bxc6 11. fxe5 dxe5
12. Qxd8 Rxd8 13. h3 Be6 14. Bf3 Nd7 15. Rfd1 f6 16. b3 Bc5
17. Kf2 Bxe3+ 18. Kxe3 Nb6 19. a4 a5 20. Rxd8+ Rxd8 21. Rd1
Rxd1 22. Nxd1 Kf8 23. Kd2 Ke7 1/2-1/2

[Event "Philadelphia Open"]
[Site "Philadelphia United States"]
[Date "2010.04.04"]
[EventDate "2010.03.31"]
[Round "8"]
[Result "1/2-1/2"]
[White "Alexander Stripunsky"]
[Black "Ray Robson"]
[WhiteElo "2559"]
[BlackElo "2559"]
[PlyCount "83"]

1. e4 c5 2. Nf3 d6 3. c3 Nf6 4. Be2 Nbd7 5. d3 b6 6. O-O Bb7
7. a4 e6 8. Nbd2 Be7 9. Re1 O-O 10. Bf1 Rc8 11. b3 d5 12. e5
Ne8 13. Bb2 Nc7 14. d4 Ba6 15. Bxa6 Nxa6 16. Qe2 Nc7 17. c4
Nb8 18. Rad1 Nc6 19. Nf1 cxd4 20. Nxd4 Nxd4 21. Rxd4 f5
22. exf6 Bxf6 23. Rg4 Bxb2 24. Qxb2 Qf6 25. Qe2 Rf7 26. Ng3
Rcf8 27. f3 Qc3 28. Qe3 Qxe3+ 29. Rxe3 Rf4 30. Rxf4 Rxf4
31. Ne2 Rf7 32. Rc3 dxc4 33. Rxc4 Rd7 34. Nd4 Kf7 35. Nc6 Rd1+
36. Kf2 Nd5 37. Re4 Rd2+ 38. Kg3 Nf6 39. Rc4 Nh5+ 40. Kh3 g5
41. g3 Nf6 42. Ne5+ 1/2-1/2

[Event "Philadelphia Open"]
[Site "Philadelphia United States"]
[Date "2010.04.04"]
[EventDate "2010.03.31"]
[Round "9"]
[Result "1-0"]
[White "Ray Robson"]
[Black "Nick DeFirmian"]
[WhiteElo "2559"]
[BlackElo "2557"]
[PlyCount "103"]

1. e4 c5 2. Nf3 d6 3. d4 cxd4 4. Nxd4 Nf6 5. Nc3 a6 6. Bg5 e6
7. f4 Qb6 8. Qd3 Qxb2 9. Rb1 Qa3 10. f5 Be7 11. Be2 Nc6
12. fxe6 fxe6 13. Nxc6 bxc6 14. Bh5+ g6 15. e5 dxe5 16. Rb3 e4
17. Qd4 Qd6 18. Bxf6 O-O 19. Be2 Rxf6 20. Qxd6 Bxd6 21. Nxe4
Be7 22. Nxf6+ Bxf6 23. Rf1 Be7 24. Rb6 Bd8 25. Rxc6 Bb7
26. Rxe6 Bxg2 27. Rf4 Bc7 28. Rf2 Bd5 29. Rxa6 Rxa6 30. Bxa6
Bxa2 31. c4 Bb1 32. Bc8 Bd6 33. Ke2 Kg7 34. Be6 g5 35. Bf5 Ba2
36. Kd3 Bb1+ 37. Kd4 Bxf5 38. Rxf5 Kg6 39. Rf2 g4 40. c5 Bc7
41. c6 h5 42. Ke4 h4 43. Rg2 g3 44. h3 Kf6 45. Rd2 Ba5
46. Rd6+ Ke7 47. Rd7+ Ke6 48. Kf3 Bb6 49. Rh7 Kd6 50. Rxh4
Kxc6 51. Rh6+ Kc7 52. Rxb6 1-0

[Event "US Championships"]
[Site "Saint Louis USA"]
[Date "2010.05.15"]
[EventDate "2010.05.14"]
[Round "2"]
[Result "0-1"]
[White "Ray Robson"]
[Black "Alex Yermolinsky"]
[WhiteElo "2569"]
[BlackElo "2528"]
[PlyCount "58"]

1. e4 c5 2. Nf3 Nc6 3. d4 cxd4 4. Nxd4 Qb6 5. Nb3 Nf6 6. Nc3
e6 7. Qe2 Bb4 8. Bd2 O-O 9. a3 Be7 10. O-O-O d5 11. Be3 Qc7
12. exd5 Nxd5 13. Nxd5 exd5 14. g3 Bf5 15. Bg2 Rac8 16. Bf4
Qb6 17. Rxd5 Bxc2 18. Qxc2 Na5 19. Nxa5 Rxc2+ 20. Kxc2 Qxf2+
21. Rd2 Qc5+ 22. Kb1 Qxa5 23. Rc1 b5 24. Rd7 Bf6 25. Bd6 Qd2
26. Rc2 Qd1+ 27. Rc1 Qd3+ 28. Rc2 Re8 29. Bc6 Re1+ 0-1

[Event "US Championships"]
[Site "Saint Louis USA"]
[Date "2010.05.18"]
[EventDate "2010.05.14"]
[Round "5"]
[Result "1/2-1/2"]
[White "Samuel Shankland"]
[Black "Ray Robson"]
[WhiteElo "2507"]
[BlackElo "2569"]
[PlyCount "63"]

1. e4 c5 2. Nf3 d6 3. d4 cxd4 4. Nxd4 Nf6 5. Nc3 g6 6. Be3 Bg7
7. f3 O-O 8. Qd2 Nc6 9. O-O-O d5 10. exd5 Nxd5 11. Nxc6 bxc6
12. Bd4 Bxd4 13. Qxd4 Qb6 14. Na4 Qa5 15. b3 Qc7 16. Re1 Rd8
17. Qe5 Qxe5 18. Rxe5 f6 19. Re1 e5 20. Nc5 Kf8 21. g3 a5
22. a4 h5 23. Bc4 Nb6 24. Be6 Rd5 25. Bxd5 cxd5 26. f4 e4
27. Kd2 Bf5 28. Ke3 d4+ 29. Kxd4 Rd8+ 30. Kc3 Rc8 31. Kd4 Rd8+
32. Kc3 1/2-1/2

[Event "US Championships"]
[Site "Saint Louis USA"]
[Date "2010.05.19"]
[EventDate "2010.05.14"]
[Round "6"]
[Result "1/2-1/2"]
[White "Ray Robson"]
[Black "Jaan Ehlvest"]
[WhiteElo "2569"]
[BlackElo "2591"]
[PlyCount "79"]

1. e4 d6 2. d4 g6 3. Nc3 c6 4. Nf3 Bg7 5. h3 Nf6 6. Be3 O-O
7. Qd2 b5 8. Bd3 Nbd7 9. a4 b4 10. Ne2 c5 11. c3 bxc3 12. bxc3
cxd4 13. cxd4 Bb7 14. Ng3 d5 15. e5 Ne4 16. Bxe4 dxe4 17. Ng5
Nb6 18. O-O Qd5 19. Rab1 Ba6 20. Rfc1 Nc4 21. Qe2 f5 22. exf6
exf6 23. N5xe4 f5 24. Nc5 Nxe3 25. Qxe3 f4 26. Qe4 Qd6 27. Nf1
Rae8 28. Qf3 Be2 29. Ne4 Qa6 30. Nc5 Qd6 31. Ne4 Qxd4 32. Qxe2
Rxe4 33. Qf3 Re7 34. Rb7 Rxb7 35. Qxb7 f3 36. Rc8 fxg2
37. Qb3+ Kh8 38. Rxf8+ Bxf8 39. Kxg2 Qe4+ 40. Qf3 1/2-1/2

[Event "US Championships"]
[Site "Saint Louis USA"]
[Date "2010.05.20"]
[EventDate "2010.05.14"]
[Round "7"]
[Result "1/2-1/2"]
[White "Gregory Kaidanov"]
[Black "Ray Robson"]
[WhiteElo "2577"]
[BlackElo "2569"]
[PlyCount "89"]

1. d4 Nf6 2. c4 e6 3. Nf3 c5 4. d5 b5 5. Bg5 Qa5+ 6. Nc3 Ne4
7. Bd2 Nxd2 8. Nxd2 b4 9. Nce4 f5 10. Ng5 Be7 11. Ngf3 Bf6
12. Qb3 O-O 13. e4 Re8 14. e5 Bxe5 15. Nxe5 exd5 16. O-O-O
Rxe5 17. cxd5 Ba6 18. Bxa6 Qxa6 19. Rhe1 Qf6 20. Nc4 Re4
21. f3 Rxe1 22. Rxe1 Na6 23. d6 Rc8 24. Re7 Nb8 25. f4 h6
26. Ne5+ c4 27. Qg3 Nc6 28. Rf7 Qxe5 29. fxe5 Kxf7 30. Qf4 Ke6
31. Qxc4+ Kxe5 32. Kd2 Rf8 33. Qd3 g5 34. h4 gxh4 35. Qe3+ Kd5
36. Qf4 Rg8 37. Qxf5+ Kxd6 38. Qf4+ Kc5 39. Qe3+ Kb5 40. Qf3
Rg3 41. Qf2 d5 42. Ke1 d4 43. Qf5+ Kb6 44. Kf2 Re3 45. Qh5
1/2-1/2

[Event "US Championships"]
[Site "Saint Louis USA"]
[Date "2010.05.22"]
[EventDate "2010.05.14"]
[Round "8"]
[Result "1-0"]
[White "Ray Robson"]
[Black "Melikset Khachiyan"]
[WhiteElo "2569"]
[BlackElo "2539"]
[PlyCount "91"]

1. e4 e5 2. Nf3 Nc6 3. Bb5 Nf6 4. O-O Nxe4 5. d4 Nd6 6. Bxc6
dxc6 7. dxe5 Nf5 8. Qxd8+ Kxd8 9. Nc3 h6 10. h3 Bd7 11. b3 Kc8
12. Bb2 Ne7 13. Rad1 c5 14. Rd2 b6 15. Rfd1 Be6 16. Ne2 Ng6
17. Rd8+ Kb7 18. Rxa8 Kxa8 19. Ng3 Be7 20. Nh5 Rg8 21. g4 Kb7
22. Kh2 a5 23. Ne1 Bg5 24. Ng2 Nh4 25. f4 Nxg2 26. Kxg2 g6
27. fxg5 gxh5 28. gxh6 hxg4 29. h4 c4 30. Kg3 cxb3 31. cxb3 b5
32. Bc1 Kc6 33. Bg5 Rh8 34. Rd4 b4 35. Kf4 Bd7 36. Rd2 Rh7
37. Rc2+ Kb6 38. Kg3 Rh8 39. Be3+ Kb7 40. Rc5 a4 41. bxa4 Bxa4
42. Rc4 Bd7 43. Rxb4+ Kc6 44. Rc4+ Kd5 45. Rxc7 Be6 46. Kf4
1-0

[Event "USA Junior Championship"]
[Site "St Louis USA"]
[Date "2010.07.10"]
[EventDate "2010.07.10"]
[Round "1"]
[Result "1/2-1/2"]
[White "Eric S Rosen"]
[Black "Ray Robson"]
[WhiteElo "2179"]
[BlackElo "2562"]
[PlyCount "98"]

1. e4 c5 2. Nf3 d6 3. Bb5+ Nd7 4. d4 Ngf6 5. Nc3 cxd4 6. Qxd4
g6 7. Bg5 Bg7 8. O-O O-O 9. Qd2 Nc5 10. Rae1 a6 11. Bd3 Re8
12. Bh6 Bh8 13. h3 b5 14. Ng5 Bb7 15. f4 e6 16. a3 Rc8 17. Qf2
Qb6 18. Kh2 b4 19. axb4 Qxb4 20. Qh4 Qxb2 21. Nd1 Qd4 22. Nf2
Nxd3 23. cxd3 Rc2 24. Nf3 Qc3 25. f5 a5 26. fxe6 fxe6 27. Ng5
a4 28. Ng4 Nxg4+ 29. Qxg4 Bg7 30. Bxg7 Qxg7 31. Kh1 h5 32. Qd1
Rec8 33. Nxe6 Qe5 34. Nf4 Qg5 35. Qf3 Rf8 36. g3 a3 37. d4 Kh7
38. Ne6 Qd2 39. Nxf8+ Kh6 40. Qf4+ Qxf4 41. Rxf4 a2 42. d5 Rb2
43. Rf6 Kg7 44. Rff1 Ba6 45. Ne6+ Kh6 46. Rf8 Kh7 47. Ng5+ Kg7
48. Ne6+ Kh7 49. Ng5+ Kg7 1/2-1/2

[Event "USA Junior Championship"]
[Site "St Louis USA"]
[Date "2010.07.11"]
[EventDate "2010.07.10"]
[Round "2"]
[Result "1-0"]
[White "Ray Robson"]
[Black "John Daniel Bryant"]
[WhiteElo "2562"]
[BlackElo "2403"]
[PlyCount "101"]

1. e4 c5 2. Nf3 d6 3. d4 cxd4 4. Nxd4 Nf6 5. Nc3 a6 6. Bg5
Nbd7 7. f4 Qc7 8. Qe2 g6 9. O-O-O Bg7 10. Nf3 e5 11. Qc4 Qb8
12. Qb4 Bf8 13. Nd5 Nxd5 14. exd5 h6 15. Bh4 Bg7 16. fxe5 Nxe5
17. Nxe5 Bxe5 18. Re1 O-O 19. Bd3 Bd7 20. Rxe5 dxe5 21. Bf6
Kh7 22. Rf1 Qc8 23. Qh4 Bb5 24. c4 Bxc4 25. Qxc4 Qxc4+
26. Bxc4 Rfc8 27. b3 b5 28. Bxe5 Ra7 29. Rf4 g5 30. Rd4 bxc4
31. bxc4 f6 32. Bg3 f5 33. Kc2 f4 34. Bf2 Rd7 35. Kd3 Kg6
36. Re4 Kf5 37. Re6 Rdc7 38. Re4 Rb7 39. Bd4 f3 40. gxf3 Rb1
41. d6 Rd1+ 42. Kc2 Rh1 43. d7 Rd8 44. Re7 Rxh2+ 45. Kc3 Rh3
46. c5 g4 47. c6 gxf3 48. c7 f2+ 49. Kc2 f1=Q 50. Rf7+ Ke6
51. cxd8=N+ 1-0

[Event "USA Junior Championship"]
[Site "St Louis USA"]
[Date "2010.07.13"]
[EventDate "2010.07.10"]
[Round "4"]
[Result "1/2-1/2"]
[White "Ray Robson"]
[Black "Samuel Shankland"]
[WhiteElo "2562"]
[BlackElo "2513"]
[PlyCount "62"]

1. e4 c6 2. d4 d5 3. Nc3 dxe4 4. Nxe4 Bf5 5. Ng3 Bg6 6. h4 h6
7. Nf3 Nd7 8. h5 Bh7 9. Bd3 Bxd3 10. Qxd3 e6 11. Bd2 Ngf6
12. O-O-O Be7 13. Qe2 c5 14. Rhe1 O-O 15. Nf5 Re8 16. Nxe7+
Qxe7 17. g4 Nxg4 18. Rg1 f5 19. Ne5 Ngxe5 20. dxe5 Kh8 21. Bf4
Nf8 22. Qe3 b6 23. Rd6 Qf7 24. Qg3 Rad8 25. Qh2 Rd7 26. c3
Red8 27. Kc2 Kh7 28. Qh4 Re8 29. Qh2 Red8 30. Qh4 Re8 31. Qh2
Red8 1/2-1/2

[Event "USA Junior Championship"]
[Site "St Louis USA"]
[Date "2010.07.14"]
[EventDate "2010.07.10"]
[Round "5"]
[Result "1/2-1/2"]
[White "Conrad Holt"]
[Black "Ray Robson"]
[WhiteElo "2402"]
[BlackElo "2562"]
[PlyCount "60"]

1. d4 Nf6 2. c4 e6 3. Nc3 Bb4 4. Qc2 d5 5. cxd5 exd5 6. Bg5 c5
7. dxc5 h6 8. Bxf6 Qxf6 9. e3 O-O 10. Nge2 Na6 11. Nd4 Nxc5
12. Be2 Ne6 13. O-O Nxd4 14. exd4 Qxd4 15. Rad1 Qc5 16. Rxd5
Qc7 17. Rc1 Be6 18. Rdd1 Rac8 19. Qe4 Bxc3 20. Rxc3 Qb6
21. Rxc8 Rxc8 22. b3 Qc6 23. Qxc6 Rxc6 24. Kf1 Kf8 25. Ke1 Ke7
26. Bf3 Rc7 27. Rd4 g5 28. Kd2 f5 29. g3 b6 30. Be2 Rc8
1/2-1/2